A Slinging Bag and Other Stories/ (Record no. 211931)

MARC details
000 -LEADER
fixed length control field 00508nam a22001937a 4500
005 - DATE AND TIME OF LATEST TRANSACTION
control field 20250624152316.0
010 ## - LCCN (DPL NO)
LC control number ENG-145564
020 ## - INTERNATIONAL STANDARD BOOK NUMBER
Terms of availability 425.00
035 ## - SYSTEM CONTROL NUMBER
System control number EN-129096
037 ## - SOURCE OF ACQUISITION
Source of stock number/acquisition DBAD
082 ## - DEWEY DECIMAL CLASSIFICATION NUMBER
Classification number S
Edition number 1
Item number 1
100 ## - MAIN ENTRY--PERSONAL NAME
Personal name P C K Prem
245 ## - TITLE STATEMENT
Title A Slinging Bag and Other Stories/
Statement of responsibility, etc P C K Prem
250 ## - EDITION STATEMENT
Edition statement 1
260 ## - PUBLICATION, DISTRIBUTION, ETC. (IMPRINT)
Place of publication, distribution, etc Jaipur
Name of publisher, distributor, etc Aavishkar Publisher
Date of publication, distribution, etc 2011
270 ## - ADDRESS
Address 807, Vyas Building Chaura Rasta
City Jaipur
Postal code 302003
300 ## - PHYSICAL DESCRIPTION
Extent 132p.
Dimensions 22cm.(hb)
942 ## - ADDED ENTRY ELEMENTS (KOHA)
Source of classification or shelving scheme Dewey Decimal Classification
Item type English Books
Classification part S
Call number suffix PCK
Edition 1
Holdings
Withdrawn status Lost status Not for loan Collection code Home library Current library Date acquired Source of acquisition Cost, normal purchase price Full call number Barcode Copy number Cost, replacement price Koha item type
    Not For Loan Fiction D.B.Act.Division D.B.Act.Division 24/06/2025 DBAD 425.00 S PCK EN-129096 1 425.00 English Books

© Delhi Public Library
Hit Counter
free hit counter